Précis de droit civil
Сохранить в:
| Главный автор: | |
|---|---|
| Формат: | |
| Язык: | французский |
| Опубликовано: |
París
Sirey
1921
|
| Редактирование: | 2a. ed |
| Предметы: | |
| Метки: |
Добавить метку
Нет меток, Требуется 1-ая метка записи!
|
MARC
| LEADER | 00000nam a2200000 a 4500 | ||
|---|---|---|---|
| 001 | UCS1607 | ||
| 003 | CL-VaPUC | ||
| 008 | 970515e19210000FR |||||||||||||||||fre|d | ||
| 082 | 0 | 4 | |a 346.44 |b BAU |2 21 |
| 100 | 0 | |a Baudry-Lacantinerie, G |e author |9 386196 | |
| 245 | 1 | 0 | |a Précis de droit civil |
| 250 | |a 2a. ed | ||
| 300 | |a v | ||
| 942 | |c BK | ||
| 945 | |d 19970515 00:00:00 |a cmena | ||
| 260 | |a París |b Sirey |c 1921 | ||
| 650 | 0 | |a Derecho civil |9 255013 | |
| 650 | 0 | |a Derecho francés |9 385145 | |
| 650 | 0 | |a Código civil |9 256135 | |
| 650 | 0 | |a Familias |9 255641 | |
| 650 | 7 | |a MATRIMONIO |2 CL-VaPUC |9 386197 | |
| 650 | 0 | |a Bienes muebles |9 380927 | |
| 650 | 0 | |a Bienes inmuebles |9 359521 | |
| 650 | 0 | |a Obligaciones |9 255578 | |
| 650 | 7 | |a RESPONSABILIDAD CIVIL |2 CL-VaPUC |9 386198 | |
| 650 | 0 | |a Derecho sucesorio |9 255015 | |
| 650 | 0 | |a Herencia |9 256325 | |
| 650 | 0 | |a Regímenes matrimoniales |9 357525 | |
| 650 | 0 | |a Compraventa |9 255413 | |
| 650 | 0 | |a Contratos |9 255153 | |
| 650 | 0 | |a Hipoteca |9 255780 | |
| 650 | 0 | |a Donación |9 255016 | |
| 650 | 0 | |a Testamento |9 258220 | |
| 651 | 0 | |a Francia |9 255157 | |
| 583 | |a last modification |c 19970515 00:00:00 |k Rodrigo Vera | ||
| 999 | |c 259644 |d 259642 | ||
| 952 | |0 0 |1 0 |4 0 |6 346_440000000000000_BAU_1921 |7 0 |8 X |9 284831 |a BIBDER |b BIBDER |d 2019-11-19 |h v.3 |i 1852442 |o 346.44 BAU 1921 |p 1852442 |r 2023-01-25 |w 2019-11-19 |y BK_X |k DER | ||